Konkurencieschopnosť destinácií v kontexte udržateľného cestovného ruchu: teoretický prehľad

Enregistré dans:
Détails bibliographiques
Auteur principal: Gombitová, Diana, 2001-
Format: Chapitre de livre
Langue:slovaque
Tags: Ajouter un tag
Pas de tags, Soyez le premier à ajouter un tag!

MARC

LEADER 00000naa$a2200000$$$4500
001 0314432
005 20260123095923.5
041 0 |a slo 
044 |a SK 
245 1 0 |a Konkurencieschopnosť destinácií v kontexte udržateľného cestovného ruchu: teoretický prehľad  |c Diana Gombitová 
100 1 |a Gombitová, Diana, 2001-